000 00541nam a2200145 a 4500
008 120416s2003 ||||||||||||||||| || u
050 _aIBRD(06)PRT/2003/7
110 _aWorld Bank
245 1 0 _aPort reform toolkit: Labor reform and related social issues: Module 7
260 _aWashington, D.C.
_bWorld Bank
_c2003
350 _a0.00
650 _aLABOR
650 _aHARBORS
995 _D0.00
_FCBU-MAIN LIBRARY (Kitwe)
_H1
_I0.00
_M1
_UAVAILABLE
_WNov 30, 2007
_ZInternational Publications
999 _c54042
_d54042